[Event "North American-ch U21 Girls"]
[Site "Charlotte"]
[Date "2021.12.19"]
[Round "1"]
[White "Wang, Kalia"]
[Black "Tang, Zoey"]
[Result "0-1"]
[WhiteElo "1650"]
[BlackElo "2045"]
[PlyCount "128"]
[EventDate "2021.12.19"]
[EventType "swiss"]
[EventRounds "9"]
[EventCountry "USA"]
[SourceTitle "CBM 205 Extra"]
[Source "ChessBase"]
[SourceDate "2022.01.31"]
[SourceVersion "1"]
[SourceVersionDate "2022.01.31"]
[SourceQuality "1"]

1. e4 c5 2. Nf3 d6 3. d4 cxd4 4. Nxd4 Nf6 5. Nc3 Nc6 6. Bg5 Bd7 7. Qd2 Rc8 8. 0-0-0 Nxd4 9. Qxd4 Qa5 10. Be3 a6 11. f3 g6 12. Qb6 Qxb6 13. Bxb6 Bg7 14. Bd4 0-0 15. g4 Be6 16. Kb1 Nd7 17. h3 g5 18. h4 Bxd4 19. Rxd4 Ne5 20. Be2 h6 21. hxg5 hxg5 22. Rh5 f6 23. Nd5 Bxd5 24. exd5 Kg7 25. f4 gxf4 26. Rxf4 Rh8 27. Rb4 Rxh5 28. gxh5 Rc7 29. Kc1 Kh6 30. Kd2 Kg5 31. c3 f5 32. Ke3 Nd7 33. Rf4 Nf6 34. c4 e5 35. dxe6 Re7 36. Rf1 Rxe6+ 37. Kd3 Ng4 38. Bf3 Ne5+ 39. Kd4 Nxf3+ 40. Rxf3 Rh6 41. Kd5 Rxh5 42. Kxd6 f4 43. Ke5 Rh8 44. b4 Re8+ 45. Kd4 Kg4 46. Rf1 f3 47. Rg1+ Kh3 48. Rg7 f2 49. Rh7+ Kg2 50. Rg7+ Kf3 51. Rf7+ Ke2 52. Kc5 f1Q 53. Rxf1 Kxf1 54. Kb6 Re7 55. b5 axb5 56. cxb5 Ke2 57. a4 Kd3 58. a5 Kc4 59. a6 bxa6 60. bxa6 Re6+ 61. Kb7 Kb5 62. a7 Re7+ 63. Kb8 Kb6 64. a8N+ Kc6 0-1